| 000 | 00549nam a2200169Ia 4500 | ||
|---|---|---|---|
| 003 | GCL | ||
| 008 | 140319s9999 xx 000 0 ara d | ||
| 040 |
_aGCL / _cGCL |
||
| 082 | 0 | 4 |
_a214.3 _bم ا |
| 100 | 1 | _aمقداد يالجن | |
| 245 | 1 | 0 |
_aاساسيات التاصيل و التوجيه الاسلامى للعلوم و المعارف و الفنون / _cمقداد يالجن |
| 300 | _a184 ص | ||
| 490 |
_aسلسلة كتاب تربيتنا _v0 |
||
| 650 | 0 | 4 | _aالاسلام |
| 650 | 0 | 4 | _aالاسلام والعلم |
| 942 |
_2ddc _cBK |
||
| 999 |
_c41631 _d41631 |
||